000 00565cam a22002291 4500
001 sa 66004775
003 DLC
005 20260227112244.0
008 890612s1962 ii 000 0 urdr
010 _asa 66004775
035 _a(OCoLC)19854685
040 _aDLC
_cWaU
_dDLC
042 _apremarc
050 0 0 _aBP70
_b.N34
100 1 _aNaqvī, ʻAlī Naqī.
245 1 0 _aRahnumāyān-i Islām.
260 _c[1962]
300 _a219 p.
_c19 cm.
500 _aIn Urdu.
600 0 0 _aMuḥammad,
_cProphet,
_d-632
_xFamily.
650 0 _aMuslims
_vBiography.
999 _c69586
_d69586